00315nam a2200121Ia 4500008004100000041000800041082001400049100002100063245004300084260003400127300002400161365000800185240624s9999 xx 000 0 und d aeng a338.9 PAL aPALOKANGAS TAPIO aGROWTH TRADE AND ECONOMIC INSTITUTIONS c2005aNew YorkbSpringer Wien a194 : p. : cm. ; 22 cERU